00497pab a2200157 454500008004000000100001800040245007600058260000900134300001400143362001200157650004000169650004100209650004600250650002500296773001800321180718b2001 xxu||||| |||| 00| 0 eng d aThangaraj, M. aAgricultural labourers social security and welfare scheme in Tamil Nadu c2001 ap.233-45. aMar-Jun aSocial welfare - India - Tamil Nadu aSocial security - India - Tamil Nadu aAgricultural workers - India - Tamil Nadu aAgricultural workers aArtha Vijnana